000 00739nam a2200217Ia 4500
005 20250108124759.0
008 008 250107s9999 xx 000 0 hin d
037 _aREF
040 _aCRL
_bhin
_cCRL
041 _ahin
_2hin
084 _aP111:4k K6(RR)
084 _qCRL
100 _aधर्मदास, अनु.
245 0 _aश्री तारतम सागर
_cधर्मदास, अनु.
260 _aजामनगर, भारत
_bनवतनपुरी धाम
_c2167
365 _aINR
_b13.5
490 _vभाग 1
650 _aहिन्दी कविताभारतीय साहित्य
_9729733
942 _cREF
_hP111:4k K6(RR)
999 _c1234555
_d1234555